00290nam a2200109 a 4500008004100000050001500041100001900056245004700075246004000122260000900162350000900171120416s1987 xx |||||||||||||| || u aTD 174 Peo aWoodhouse, Tom10aPeople and planetcedited by Tom Woodhouse athe right livelihood award speeches c1987 a0.00